000 00575cam a22002291 4500
001 sa 64006444
003 DLC
005 20260227112039.0
008 890403s1962 xx 000 0 beno
010 _asa 64006444
035 _a(OCoLC)23558993
040 _aDLC
_cMiU
_dDLC
042 _apremarc
050 0 0 _aDS427
_b.C58
100 1 _aChoudhury, Nurul Islam.
245 1 0 _aPāka-Bhārate Musalima śāsanera itihāsa.
260 _c[1962]
300 _a10, 440, 3 p.
_c19 cm.
500 _aRomanized.
650 0 _aMuslims
_zIndia
650 0 _aMuslims
_zPakistan
999 _c59702
_d59702